Starting out with Python / (Record no. 21178)
[ view plain ]
| 000 -LEADER | |
|---|---|
| fixed length control field | 00767cam a22002535a 4500 |
| 001 - CONTROL NUMBER | |
| control field | 016872510 |
| 003 - CONTROL NUMBER IDENTIFIER | |
| control field | OSt |
| 005 - DATE AND TIME OF LATEST TRANSACTION | |
| control field | 20160217141127.0 |
| 008 - FIXED-LENGTH DATA ELEMENTS--GENERAL INFORMATION | |
| fixed length control field | 150814t2015 enka fr 001 0 eng d |
| 020 ## - INTERNATIONAL STANDARD BOOK NUMBER | |
| International Standard Book Number | 9781292065502 (paperback) |
| 020 ## - INTERNATIONAL STANDARD BOOK NUMBER | |
| International Standard Book Number | 1292065508 (paperback) |
| 040 ## - CATALOGING SOURCE | |
| Original cataloging agency | StDuBDS |
| Language of cataloging | eng |
| Transcribing agency | StDuBDS |
| Modifying agency | EG-ScBUE |
| 082 04 - DEWEY DECIMAL CLASSIFICATION NUMBER | |
| Classification number | 005.133 |
| Edition number | 22 |
| Item number | GAD |
| 100 1# - MAIN ENTRY--PERSONAL NAME | |
| Personal name | Gaddis, Tony. |
| 9 (RLIN) | 3820 |
| 245 10 - TITLE STATEMENT | |
| Title | Starting out with Python / |
| Statement of responsibility, etc | Tony Gaddis. |
| 250 ## - EDITION STATEMENT | |
| Edition statement | 3rd ed., Global ed. |
| 260 ## - PUBLICATION, DISTRIBUTION, ETC. (IMPRINT) | |
| Place of publication, distribution, etc | Harlow : |
| Name of publisher, distributor, etc | Pearson Education Limited, |
| Date of publication, distribution, etc | c.2015. |
| 300 ## - PHYSICAL DESCRIPTION | |
| Extent | 632 p. : |
| Other physical details | ill. (black and white) ; |
| Dimensions | 26 cm. |
| 500 ## - GENERAL NOTE | |
| General note | Index : p. 613-632. |
| 650 #7 - SUBJECT ADDED ENTRY--TOPICAL TERM | |
| Topical term or geographic name as entry element | Python (Computer program language) |
| Source of heading or term | BUEsh |
| 9 (RLIN) | 13168 |
| 651 ## - SUBJECT ADDED ENTRY--GEOGRAPHIC NAME | |
| Source of heading or term | BUEsh |
| 653 ## - INDEX TERM--UNCONTROLLED | |
| Resource For college | Informatics and Computer Science |
| Arrived date list | February2016 |
| 942 ## - ADDED ENTRY ELEMENTS (KOHA) | |
| Source of classification or shelving scheme | Dewey Decimal Classification |
| Withdrawn status | Item status | Source of classification or shelving scheme | Damaged status | Not for loan | Vendor | Home library | Current library | Shelving location | Date acquired | Source of acquisition | Cost, normal purchase price | Serial Enumeration / chronology | Total Checkouts | Total Renewals | Full call number | Barcode | Date last seen | Date last borrowed | Cost, replacement price | Koha item type |
|---|---|---|---|---|---|---|---|---|---|---|---|---|---|---|---|---|---|---|---|---|
| Dewey Decimal Classification | Academic Bookshop | Central Library | Central Library | Lower Floor | 17/02/2016 | Purchase | 330.00 | 4871 | 11 | 55 | 005.133 GAD | 000031604 | 15/07/2025 | 24/08/2022 | 412.50 | Book - Borrowing |